<?xml version="1.0" encoding="UTF-8"?>
<record
    xmlns:xsi="http://www.w3.org/2001/XMLSchema-instance"
    xsi:schemaLocation="http://www.loc.gov/MARC21/slim http://www.loc.gov/standards/marcxml/schema/MARC21slim.xsd"
    xmlns="http://www.loc.gov/MARC21/slim">

  <leader>01267nam a2200193 a 4500</leader>
  <controlfield tag="001">000040732</controlfield>
  <controlfield tag="005">20201002034334.0</controlfield>
  <controlfield tag="008">130905s2004    sp            000 0 spa d</controlfield>
  <datafield tag="020" ind1=" " ind2=" ">
    <subfield code="a">9788497564953</subfield>
  </datafield>
  <datafield tag="040" ind1=" " ind2=" ">
    <subfield code="a">DO-SdBNP</subfield>
    <subfield code="b">spa</subfield>
    <subfield code="c">BNPHU</subfield>
  </datafield>
  <datafield tag="100" ind1="1" ind2=" ">
    <subfield code="a">Ballart, Josep</subfield>
    <subfield code="9">67128</subfield>
  </datafield>
  <datafield tag="245" ind1="1" ind2="0">
    <subfield code="a">Manual de museos /</subfield>
    <subfield code="c">Josep Ballart Hern&#xE1;ndez.</subfield>
  </datafield>
  <datafield tag="260" ind1=" " ind2=" ">
    <subfield code="a">Madrid :</subfield>
    <subfield code="b">S&#xED;ntesis,</subfield>
    <subfield code="c">[200?].</subfield>
  </datafield>
  <datafield tag="300" ind1=" " ind2=" ">
    <subfield code="a">245 p. ;</subfield>
    <subfield code="c">23 cm.</subfield>
  </datafield>
  <datafield tag="490" ind1="1" ind2=" ">
    <subfield code="a">Patrimomio cultural ;</subfield>
    <subfield code="v">4</subfield>
  </datafield>
  <datafield tag="504" ind1=" " ind2=" ">
    <subfield code="a">Bibliograf&#xED;a: p. 237-245</subfield>
  </datafield>
  <datafield tag="505" ind1="0" ind2=" ">
    <subfield code="t">El museo y sus estructuras--</subfield>
    <subfield code="t">El museo como instituci&#xF3;n --</subfield>
    <subfield code="t">El museo en sus colecciones --</subfield>
    <subfield code="t">El museo como organizaci&#xF3;n --</subfield>
    <subfield code="t">El museo como equipo humano profesional --</subfield>
    <subfield code="t">El museo como contenedor --</subfield>
    <subfield code="t">El museo como conservador --</subfield>
    <subfield code="t">El p&#xFA;blico y los museos --</subfield>
    <subfield code="t">El p&#xFA;blico y los museos del siglo XXI --</subfield>
    <subfield code="t">Los museos y la comunicaci&#xF3;n. --</subfield>
    <subfield code="t">Los museos y la educaci&#xF3;n Ideado como una s&#xED;ntesis did&#xE1;ctica, la obra abarca los aspectos fundamentales, las funciones y los principales retos de la museolog&#xED;a en la actualidad --</subfield>
    <subfield code="t">La cita de m&#xE1;s de doscientos museos de Espa&#xF1;a y del resto del mundo, en algunos casos con estudio y comentario cr&#xED;tico a&#xF1;adido, completa la estructura del texto, que integra teor&#xED;a y pr&#xE1;ctic</subfield>
  </datafield>
  <datafield tag="830" ind1=" " ind2="0">
    <subfield code="a">Patrimomio cultural</subfield>
    <subfield code="n">4</subfield>
    <subfield code="9">67129</subfield>
  </datafield>
  <datafield tag="952" ind1=" " ind2=" ">
    <subfield code="0">0</subfield>
    <subfield code="1">0</subfield>
    <subfield code="5">0</subfield>
    <subfield code="7">1</subfield>
    <subfield code="8">MO</subfield>
    <subfield code="a">GR</subfield>
    <subfield code="b">GR</subfield>
    <subfield code="c">CT</subfield>
    <subfield code="d">2013-09-05</subfield>
    <subfield code="i">LF1</subfield>
    <subfield code="l">0</subfield>
    <subfield code="o"> </subfield>
    <subfield code="p">40732-10</subfield>
    <subfield code="r">2020-06-25</subfield>
    <subfield code="w">2020-06-25</subfield>
    <subfield code="y">1</subfield>
    <subfield code="Z">No se presta</subfield>
  </datafield>
  <datafield tag="999" ind1=" " ind2=" ">
    <subfield code="c">40222</subfield>
    <subfield code="d">40222</subfield>
  </datafield>
</record>
